000 00359cam a22001217a 4500
008 180718b1972 xxu||||| |||| 00| 0 eng d
082 _aYA6 Sh83
100 _aShpirt, A.
245 _aThe scientific-technological revolution and the third world
_cby A. Shpirt
260 _aMoscow
_bNovosti Press
_c1972
300 _a143p.
650 _aTechnological innovations
999 _c483409
_d483409